[Event "NSV-MM 9798 RL"]
[Site "Niederrhein"]
[Date "1998.03.29"]
[Round "9"]
[White "Wicht, Juergen"]
[Black "Springer, Ralf"]
[Result "1-0"]
[WhiteElo "2090"]
[BlackElo "2100"]
[PlyCount "35"]
[EventDate "1997.10.??"]
[EventType "team"]
[EventRounds "1"]
[EventCountry "GER"]
[SourceTitle "EXT 2006"]
[Source "ChessBase"]
[SourceDate "2005.11.24"]
[SourceVersion "1"]
[SourceVersionDate "2005.11.24"]
[SourceQuality "1"]
[WhiteTeam "Solingen III"]
[BlackTeam "Ratingen"]
[WhiteTeamCountry "GER"]
[BlackTeamCountry "GER"]

1. d4 Nf6 2. c4 g6 3. Nc3 Bg7 4. e4 0-0 5. Be2 c5 6. d5 e6 7. f4 exd5 8. cxd5 d6 9. Nf3 Bg4 10. 0-0 a6 11. e5 Ne8 12. e6 Bxf3 13. Bxf3 Nc7 14. Qe1 Re8 15. f5 gxf5 16. exf7+ Kxf7 17. Bh5+ Kg8 18. Bxe8 1-0